| 000 | 00951nam a2200253 i 4500 | ||
|---|---|---|---|
| 001 | bg | ||
| 100 | 1 | _aKOWALCZYK, Marek | |
| 245 | 1 | 0 |
_aOgrzewanie obiektów promiennikami podczerwieni : _binstalacje i urządzenia gazowe, zbiorniki gazu płynnego, promienniki podczerwieni / _cMarek Kowalczyk. |
| 260 |
_aGdańsk : _b"Solaren-Bis", _c1998. |
||
| 300 |
_a[8], 374, [21] s. : _bfot., 1 mapa, rys., wykr. ; _c24 cm. |
||
| 504 | _aBibliogr. s. [375-376], przepisy s. [379-382], normy s. [383-386]. | ||
| 650 | 9 |
_aBudownictwo _xenergetyka _xekonomika |
|
| 650 | 9 |
_aGazownictwo _xurządzenia |
|
| 650 | 9 |
_aOgrzewanie _xurządzenia |
|
| 650 | 9 |
_aPromiennniki podczerwieni _xstosowanie _xenergetyka |
|
| 650 | 9 |
_aŚrodowisko człowieka _xhigiena i ochrona _xzagadnienia |
|
| 020 | _a8390994305 | ||
| 040 | _cBPK | ||
| 041 | 0 | _apl | |
| 080 | _a696/697:535:614.87 | ||
| 920 | _a83-909943-0-5 | ||
| 942 | _cKS | ||
| 008 | s pl f |000 0 pol | ||
| 999 |
_c36869 _d36869 |
||
| 856 |
_uhttp://koha.tu.koszalin.pl/cgi-bin/koha/opac-detail.pl?biblionumber=36869 _yKatalog online BPK |
||